Statistics for FIFA Mobile St. Patrick's Day Players

Click here to take the quiz!

General Stats

  • This quiz has been taken 10 times
  • The average score is 5 of 12

Answer Stats

TeamPositionRatingAnswer% Correct
EvertonRB92Seamus Coleman
100%
SouthamptonGK91Fraser Forster
75%
Real BetisCB87Marc Bartra
50%
SouthamptonST88Shane Long
50%
West Bromwich AlbionCB89Jonny Evans
38%
Sporting LisbonCM90William Carvalho
38%
Portland TimbersCAM87Diego Valeri
25%
Werder BremenCF86Fin Bartels
25%
Shamrock RoversCDM85Greg Bolger
25%
Lokomotiv MoscowLM88Manuel Fernandes
25%
BurnleyLB86Stephen Ward
25%
CelticRM85Jonny Hayes
13%

Score Distribution

Percentile by Number Answered

Percent of People with Each Score

Your Score History

You have not taken this quiz